Astronomia - Statystyki

Ogólne statystyki
  • Ten quiz został rozwiązany 362 razy
  • Średni wynik to 11 z 15
Statystyki odpowiedzi
Odpowiedź % Poprawnych
Planeta, której księżycem jest Tytan Saturn
95%
Najgorętsza planeta Układu Słonecznego Wenus
95%
Liczba planet w Układzie Słonecznym 8
94%
7 planeta od Słońca Uran
94%
Największa z planet karłowatych w Układzie Słonecznym Pluton
91%
Największa z planet skalistych w Układzie Słonecznym Ziemia
91%
Planeta, której księżycem jest Io Jowisz
90%
Najmniejszy z gazowych gigantów Neptun
89%
Najjaśniejsza gwiazda widziana z Ziemii (po Słońcu) Syriusz
63%
Gwiazda najbliżej Słońca Proxima Centauri
57%
Największy księżyc Jowisza Ganimedes
56%
ciało niebieskie, np. Kocie Oko lub Koński Łeb mgławica
53%
Większy księżyc Marsa Fobos
45%
Największa góra w Układzie Słonecznym Olympus Mons
43%
Księżyc Plutona Charon
37%
Nie znaleziono quizów pasujących do podanych kryteriów
Rozkład punktacji
Procent ludzi z każdym wynikiem
Percentyl według liczby udzielonych odpowiedzi
Twoja historia wyników
Nie rozwiązałeś tego quizu